[Event "SWE-chT 2122 Elite"]
[Site "Sweden"]
[Date "2022.05.14"]
[Round "8.2"]
[White "Henriksson, Johan"]
[Black "Ziegler, Ari"]
[Result "1-0"]
[WhiteElo "2220"]
[BlackElo "2323"]
[PlyCount "79"]
[EventDate "2021.12.03"]
[EventType "team-tourn"]
[EventRounds "9"]
[EventCountry "SWE"]
[SourceTitle "EXT 2023"]
[Source "ChessBase"]
[SourceDate "2022.10.05"]
[SourceVersion "1"]
[SourceVersionDate "2022.10.05"]
[SourceQuality "1"]
[WhiteTeam "Kungstornet"]
[BlackTeam "Limhamn"]
[WhiteTeamCountry "SWE"]
[BlackTeamCountry "SWE"]

1. d4 e6 2. g3 f5 3. Bg2 Nf6 4. Nf3 d5 5. 0-0 c6 6. c4 Bd6 7. Bf4 Bxf4 8. gxf4 0-0 9. e3 Qe7 10. Ne5 Nbd7 11. Nc3 Kh8 12. Kh1 Rg8 13. Qe2 g5 14. fxg5 Rxg5 15. f4 Rg7 16. Bf3 Nxe5 17. fxe5 Ne4 18. Bxe4 dxe4 19. Rg1 Bd7 20. Rxg7 Qxg7 21. Rg1 Qe7 22. Qg2 Rf8 23. Ne2 b6 24. Nf4 c5 25. dxc5 bxc5 26. Qh3 Be8 27. Qh6 Rg8 28. Rxg8+ Kxg8 29. Qxe6+ Qxe6 30. Nxe6 Bf7 31. Nxc5 Bxc4 32. b3 Bd5 33. Kg2 Kf7 34. Kg3 Kg6 35. Kf4 h6 36. a3 Bg8 37. b4 Bd5 38. a4 Ba2 39. b5 Bc4 40. Nb7 1-0

[Event "SWE-chT 2122 Elite"]
[Site "Sweden"]
[Date "2022.03.18"]
[Round "3.5"]
[White "Olund, Joar"]
[Black "Ziegler, Ari"]
[Result "1-0"]
[WhiteElo "2349"]
[BlackElo "2323"]
[PlyCount "59"]
[EventDate "2021.12.03"]
[EventType "team-tourn"]
[EventRounds "9"]
[EventCountry "SWE"]
[SourceTitle "EXT 2023"]
[Source "ChessBase"]
[SourceDate "2022.10.05"]
[SourceVersion "1"]
[SourceVersionDate "2022.10.05"]
[SourceQuality "1"]
[WhiteTeam "Stockholm CC"]
[BlackTeam "Limhamn"]
[WhiteTeamCountry "SWE"]
[BlackTeamCountry "SWE"]

1. d4 Nf6 2. Bg5 d5 3. e3 Nbd7 4. Nf3 h6 5. Bh4 c6 6. Nbd2 e6 7. Bd3 Be7 8. Qe2 b6 9. c3 Bb7 10. Bxf6 gxf6 11. c4 dxc4 12. Bxc4 f5 13. Ba6 Bxa6 14. Qxa6 Qc7 15. Rc1 Rc8 16. a4 0-0 17. Qe2 Bf6 18. g4 fxg4 19. Rg1 Bg7 20. Rxg4 Qd6 21. e4 f5 22. Rg6 fxe4 23. Nxe4 Qf4 24. Rc3 c5 25. Ng3 Rf7 26. Qxe6 Nf8 27. Qxc8 cxd4 28. Rxg7+ Rxg7 29. Qc4+ Rf7 30. Qxd4 1-0

[Event "SWE-chT Group 4 Qualifier"]
[Site "Lund"]
[Date "2021.10.02"]
[Round "2.8"]
[White "Ziegler, Ari"]
[Black "Johansson, Eva"]
[Result "1-0"]
[WhiteElo "2326"]
[BlackElo "1840"]
[PlyCount "35"]
[EventDate "2021.10.01"]
[EventType "team-tourn"]
[EventRounds "3"]
[EventCountry "SWE"]
[SourceTitle "CBM 204 Extra"]
[Source "ChessBase"]
[SourceDate "2021.11.30"]
[SourceVersion "1"]
[SourceVersionDate "2021.11.30"]
[SourceQuality "1"]
[WhiteTeam "Limhamn"]
[BlackTeam "Pelaro Alingaas"]
[WhiteTeamCountry "SWE"]
[BlackTeamCountry "SWE"]

1. e4 d6 2. d4 Nf6 3. Nc3 g6 4. f4 Bg7 5. Nf3 c5 6. d5 0-0 7. Bd3 e6 8. dxe6 fxe6 9. 0-0 Nc6 10. Kh1 Kh8 11. Qe1 Bd7 12. Qh4 Nh5 13. Ng5 h6 14. f5 Qe8 15. g4 hxg5 16. Bxg5 Ne5 17. gxh5 gxf5 18. h6 1-0

[Event "Vaxjo op"]
[Site "Vaxjo"]
[Date "2020.02.09"]
[Round "7"]
[White "Lindberg, Bengt"]
[Black "Ziegler, Ari"]
[Result "0-1"]
[WhiteElo "2389"]
[BlackElo "2305"]
[PlyCount "96"]
[EventDate "2020.02.07"]
[EventType "swiss"]
[EventRounds "8"]
[EventCountry "SWE"]
[SourceTitle "CBM 194 Extra"]
[Source "ChessBase"]
[SourceDate "2020.03.31"]
[SourceVersion "1"]
[SourceVersionDate "2020.03.31"]
[SourceQuality "1"]

1. e4 e5 2. Nf3 Nc6 3. Bb5 a6 4. Ba4 Nf6 5. 0-0 Be7 6. Re1 b5 7. Bb3 0-0 8. d3 d6 9. c3 Nb8 10. Nbd2 Bb7 11. Nf1 Nbd7 12. Ng3 c5 13. Nf5 Rc8 14. N3h4 g6 15. Bh6 Re8 16. Qf3 c4 17. dxc4 bxc4 18. Ba4 Nxe4 19. Nxe7+ Qxe7 20. Qh3 f5 21. Rad1 Bc6 22. Bxc6 Rxc6 23. f3 Nec5 24. Qg3 Qf7 25. Re2 Nd3 26. b3 d5 27. bxc4 dxc4 28. Rb1 Rb6 29. Rxb6 Nxb6 30. Bd2 Nd5 31. h3 Qf6 32. Kh1 Rb8 33. Kh2 Rb1 34. f4 e4 35. Nf3 exf3 36. Qxf3 Qd6 37. g3 Rb7 38. Qh1 Kf7 39. a4 Rd7 40. Qf3 Re7 41. Rg2 Re4 42. Qf1 Ne3 43. Bxe3 Rxe3 44. Qb1 Qe7 45. Qa2 Re4 46. Rd2 Nc1 47. Qc2 Re2+ 48. Kg1 Qe3+ 0-1

[Event "Vaxjo op"]
[Site "Vaxjo"]
[Date "2020.02.09"]
[Round "8"]
[White "Ziegler, Ari"]
[Black "Blomqvist, Erik"]
[Result "1/2-1/2"]
[WhiteElo "2305"]
[BlackElo "2538"]
[PlyCount "86"]
[EventDate "2020.02.07"]
[EventType "swiss"]
[EventRounds "8"]
[EventCountry "SWE"]
[SourceTitle "CBM 194 Extra"]
[Source "ChessBase"]
[SourceDate "2020.03.31"]
[SourceVersion "1"]
[SourceVersionDate "2020.03.31"]
[SourceQuality "1"]

1. e4 c5 2. Nf3 d6 3. Bb5+ Nd7 4. c3 Ngf6 5. Qe2 a6 6. Ba4 b5 7. Bc2 e6 8. d4 Be7 9. 0-0 Bb7 10. Re1 Qc7 11. a4 0-0 12. axb5 axb5 13. Rxa8 Rxa8 14. e5 Nd5 15. Na3 Ba6 16. Nxb5 Bxb5 17. Qxb5 c4 18. Nd2 N7b6 19. exd6 Bxd6 20. g3 g6 21. Be4 Kg7 22. Bg2 Rb8 23. Ne4 Be7 24. Nc5 Rc8 25. Bxd5 exd5 26. Bf4 Bd6 27. Bxd6 Qxd6 28. Kg2 h5 29. Re8 Rc6 30. h3 Qf6 31. Re2 g5 32. g4 hxg4 33. hxg4 Qh6 34. Re3 Qg6 35. Rf3 Qh6 36. Rg3 Qg6 37. Qa5 Qc2 38. Rf3 Qe2 39. Qa7 Rf6 40. Rxf6 Qxg4+ 41. Kf1 Qd1+ 42. Kg2 Qg4+ 43. Kf1 Qd1+ 1/2-1/2

[Event "Gothenburg Kvibergspelen 09"]
[Site "Gothenburg"]
[Date "2019.09.29"]
[Round "7"]
[White "Ziegler, Ari"]
[Black "Blomqvist, Erik"]
[Result "0-1"]
[WhiteElo "2299"]
[BlackElo "2519"]
[PlyCount "102"]
[EventDate "2019.09.27"]
[EventType "swiss"]
[EventRounds "8"]
[EventCountry "SWE"]
[SourceTitle "EXT 2020"]
[Source "ChessBase"]
[SourceDate "2019.10.17"]
[SourceVersion "1"]
[SourceVersionDate "2019.10.17"]
[SourceQuality "1"]

1. d4 Nf6 2. c4 e6 3. Nf3 Bb4+ 4. Bd2 a5 5. Nc3 b6 6. e3 Bb7 7. Bd3 d6 8. Qc2 Nbd7 9. a3 Bxc3 10. Bxc3 0-0 11. 0-0-0 Qe7 12. Ng5 h6 13. Nh7 Nxh7 14. Bxh7+ Kh8 15. Be4 Bxe4 16. Qxe4 d5 17. cxd5 Nf6 18. Qh4 exd5 19. f3 Qxe3+ 20. Bd2 Qe6 21. g4 Nh7 22. Rhe1 Qg6 23. f4 Nf6 24. g5 Ne4 25. f5 Qxf5 26. Rf1 Qe6 27. gxh6 g6 28. Rfe1 f6 29. Be3 b5 30. Kb1 b4 31. Rd3 Qf5 32. Red1 g5 33. Qe1 bxa3 34. bxa3 Rfb8+ 35. Ka1 a4 36. Rb1 Kh7 37. h4 Rxb1+ 38. Qxb1 Kxh6 39. Rd1 Kg6 40. hxg5 fxg5 41. Qc2 Ra6 42. Rg1 Rf6 43. Qxa4 Qe6 44. Qc2 Qd6 45. Ka2 Rf3 46. Rxg5+ Kf7 47. Qg2 Rxe3 48. Rg7+ Ke8 49. Rg8+ Kd7 50. Qg4+ Kc6 51. Rg6 Nf6 0-1

[Event "Gothenburg op"]
[Site "Gothenburg"]
[Date "2019.08.18"]
[Round "8"]
[White "Vypkhaniuk, Igor"]
[Black "Ziegler, Ari"]
[Result "1-0"]
[WhiteElo "2405"]
[BlackElo "2300"]
[PlyCount "59"]
[EventDate "2019.08.16"]
[EventType "swiss"]
[EventRounds "8"]
[EventCountry "SWE"]
[SourceTitle "CBM 191 Extra"]
[Source "ChessBase"]
[SourceDate "2019.09.30"]
[SourceVersion "1"]
[SourceVersionDate "2019.09.30"]
[SourceQuality "1"]

1. g3 g6 2. Bg2 Bg7 3. d4 Nf6 4. e4 d6 5. Ne2 0-0 6. 0-0 e5 7. Nbc3 c6 8. a4 a5 9. h3 Nbd7 10. Be3 Re8 11. Re1 Qc7 12. g4 exd4 13. Bxd4 h5 14. g5 Nh7 15. Bxg7 Kxg7 16. Qd4+ Kg8 17. f4 Qb6 18. Red1 Nc5 19. b3 Be6 20. Qf2 Rad8 21. Rd2 Qc7 22. Rad1 b6 23. Qg3 Nb7 24. f5 gxf5 25. exf5 Bxf5 26. Nd4 Bd7 27. Rf1 Re7 28. Ne4 Be8 29. Nf6+ Kh8 30. Qh4 1-0

[Event "Gothenburg op"]
[Site "Gothenburg"]
[Date "2019.08.17"]
[Round "6"]
[White "Olsson, William"]
[Black "Ziegler, Ari"]
[Result "0-1"]
[WhiteElo "2015"]
[BlackElo "2300"]
[PlyCount "62"]
[EventDate "2019.08.16"]
[EventType "swiss"]
[EventRounds "8"]
[EventCountry "SWE"]
[SourceTitle "CBM 191 Extra"]
[Source "ChessBase"]
[SourceDate "2019.09.30"]
[SourceVersion "1"]
[SourceVersionDate "2019.09.30"]
[SourceQuality "1"]

1. Nf3 g6 2. c4 Bg7 3. Nc3 e5 4. d3 d6 5. g3 Nc6 6. Bg2 f5 7. 0-0 Nf6 8. Rb1 a5 9. a3 0-0 10. Ne1 h6 11. b4 axb4 12. axb4 g5 13. Bd2 f4 14. Nc2 Qe8 15. Nd5 Nxd5 16. Bxd5+ Be6 17. Bg2 Qh5 18. Re1 fxg3 19. fxg3 e4 20. Bxe4 Ne5 21. Ne3 c6 22. Rf1 Bg4 23. Re1 Rf2 24. Kxf2 Qxh2+ 25. Ng2 Rf8+ 26. Bf4 gxf4 27. gxf4 Rxf4+ 28. Ke3 Rxe4+ 29. dxe4 Qg3+ 30. Kd2 Nxc4+ 31. Kc1 Qa3+ 0-1

[Event "Gothenburg op"]
[Site "Gothenburg"]
[Date "2019.08.16"]
[Round "3"]
[White "Feras, Alharsh"]
[Black "Ziegler, Ari"]
[Result "0-1"]
[WhiteElo "1882"]
[BlackElo "2300"]
[PlyCount "64"]
[EventDate "2019.08.16"]
[EventType "swiss"]
[EventRounds "8"]
[EventCountry "SWE"]
[SourceTitle "CBM 191 Extra"]
[Source "ChessBase"]
[SourceDate "2019.09.30"]
[SourceVersion "1"]
[SourceVersionDate "2019.09.30"]
[SourceQuality "1"]

1. d4 g6 2. Nf3 Bg7 3. c4 Nf6 4. Nc3 d6 5. e4 0-0 6. Be2 e5 7. 0-0 Nc6 8. d5 Ne7 9. Qc2 Ne8 10. b4 a5 11. Ba3 f5 12. exf5 gxf5 13. Rad1 Ng6 14. Rfe1 b6 15. Nb5 Bd7 16. Bf1 Kh8 17. Qd2 Qf6 18. Qb2 Rg8 19. Kh1 Bh6 20. bxa5 Rxa5 21. Bb4 Ra8 22. Bd2 Bxd2 23. Qxd2 Rg7 24. Ra1 Bxb5 25. cxb5 Ra3 26. Re3 Rxe3 27. Qxe3 e4 28. Nd4 Ne5 29. Rc1 Ng4 30. Qd2 Qh4 31. h3 Nxf2+ 32. Kg1 Nxh3+ 0-1

[Event "Deltalift op"]
[Site "Tylosand"]
[Date "2019.05.31"]
[Round "5"]
[White "Ziegler, Ari"]
[Black "Hector, Jonny"]
[Result "0-1"]
[WhiteElo "2300"]
[BlackElo "2488"]
[PlyCount "120"]
[EventDate "2019.05.30"]
[EventType "swiss"]
[EventRounds "8"]
[EventCountry "SWE"]
[SourceTitle "CBM 190 Extra"]
[Source "ChessBase"]
[SourceDate "2019.07.15"]
[SourceVersion "1"]
[SourceVersionDate "2019.07.15"]
[SourceQuality "1"]

1. c4 e5 2. Nc3 Bb4 3. Nd5 Be7 4. e4 Nf6 5. Nf3 d6 6. d4 0-0 7. Nxf6+ Bxf6 8. d5 c6 9. Be2 Na6 10. Be3 Be7 11. 0-0 cxd5 12. cxd5 f5 13. exf5 Bxf5 14. Qd2 Nc7 15. Rac1 Kh8 16. Rfd1 Bf6 17. Qb4 b6 18. g4 e4 19. gxf5 exf3 20. Bxf3 Na6 21. Qg4 Nc5 22. Qh3 Bg5 23. Kh1 Bxe3 24. fxe3 a5 25. Rc4 Qf6 26. Rf4 Rae8 27. e4 Re7 28. Rd2 g5 29. Rg4 Nd7 30. Rg1 Ne5 31. Bh5 Rg7 32. Rdg2 Qh6 33. Rg3 Rfg8 34. Be2 Qf6 35. Qh5 Nf7 36. b3 Qe5 37. Qf3 Qf6 38. Qc3 Ne5 39. Qd4 Rc7 40. Qxb6 Rc2 41. Qe3 Rxa2 42. Bh5 h6 43. Rh3 Rd8 44. Qa7 Rd7 45. Qb8+ Kg7 46. Qb5 Rc7 47. Qb6 Re7 48. Qd8 Rd7 49. Qc8 Qd8 50. Qc3 Rc7 51. f6+ Kh8 52. Qd4 Qxf6 53. Bd1 Kg7 54. Qe3 Rf7 55. Bh5 Rc7 56. Bd1 Ng6 57. Qb6 Re7 58. Bf3 Qe5 59. Qd8 Rf7 60. Bh5 Qxe4+ 0-1

[Event "Rilton Cup 48th"]
[Site "Stockholm"]
[Date "2018.12.31"]
[Round "5"]
[White "Ziegler, Ari"]
[Black "Jeet, Jain"]
[Result "0-1"]
[WhiteElo "2312"]
[BlackElo "2212"]
[PlyCount "72"]
[EventDate "2018.12.27"]
[EventType "swiss"]
[EventRounds "9"]
[EventCountry "SWE"]
[SourceTitle "CBM 188 Extra"]
[Source "ChessBase"]
[SourceDate "2019.02.26"]
[SourceVersion "1"]
[SourceVersionDate "2019.02.26"]
[SourceQuality "1"]

1. e4 e5 2. Nf3 Nc6 3. Bc4 Bc5 4. 0-0 Nf6 5. d3 d6 6. c3 a6 7. a4 h6 8. Nbd2 0-0 9. h3 Ba7 10. Re1 Be6 11. Bxe6 fxe6 12. b4 Qe8 13. Nf1 Nh5 14. Be3 Nf4 15. Bxf4 Rxf4 16. b5 Ne7 17. bxa6 bxa6 18. d4 Ng6 19. g3 Rf6 20. N3h2 Qc6 21. Qd3 Raf8 22. Ng4 Rf3 23. Re3 R3f7 24. Re2 exd4 25. cxd4 Qb6 26. Rd1 e5 27. Nfe3 exd4 28. Nf5 Ne5 29. Nxe5 dxe5 30. h4 h5 31. Rb1 Qf6 32. Rb7 Bb6 33. Rb2 Qc6 34. R2xb6 cxb6 35. Ne7+ Rxe7 36. Rxe7 Qf6 0-1

[Event "SWE-chB"]
[Site "Ronneby"]
[Date "2018.07.05"]
[Round "6"]
[White "Wiedenkeller, Michael"]
[Black "Ziegler, Ari"]
[Result "1-0"]
[WhiteElo "2468"]
[BlackElo "2305"]
[PlyCount "99"]
[EventDate "2018.06.30"]
[EventType "tourn"]
[EventRounds "9"]
[EventCountry "SWE"]
[EventCategory "3"]
[SourceTitle "CBM 185 Extra"]
[Source "ChessBase"]
[SourceDate "2018.07.29"]
[SourceVersion "1"]
[SourceVersionDate "2018.07.29"]
[SourceQuality "1"]

1. d4 Nf6 2. c4 e6 3. Nc3 Bb4 4. e3 0-0 5. Nge2 Re8 6. a3 Bf8 7. Ng3 d5 8. Be2 b6 9. 0-0 Bb7 10. b4 g6 11. Bb2 h5 12. Bf3 c6 13. Qb3 h4 14. Nge2 a5 15. e4 Nbd7 16. e5 dxc4 17. Qxc4 Nd5 18. Nxd5 exd5 19. Qb3 Ba6 20. Rfc1 a4 21. Qd1 Bb5 22. Nc3 Bc4 23. b5 Bb3 24. Qe2 Bh6 25. bxc6 Nf8 26. c7 Qd7 27. Qb5 Qxb5 28. Nxb5 Bxc1 29. Rxc1 Ne6 30. Bg4 Bc4 31. Rxc4 dxc4 32. d5 Ra5 33. Bxe6 Rxb5 34. d6 Rxb2 35. Kf1 Rb1+ 36. Ke2 Rxe6 37. c8Q+ Kg7 38. f4 Rb2+ 39. Kd1 Rb3 40. Kc2 h3 41. gxh3 Rxh3 42. d7 Rxh2+ 43. Kc3 Rh3+ 44. Kxc4 Rh1 45. d8Q Rc1+ 46. Kb5 Rxc8 47. Qxc8 g5 48. Qc1 gxf4 49. Qxf4 Rg6 50. Kxa4 1-0

[Event "SWE-chB"]
[Site "Ronneby"]
[Date "2018.07.02"]
[Round "3"]
[White "Ziegler, Ari"]
[Black "Logdahl, Harald"]
[Result "1/2-1/2"]
[WhiteElo "2305"]
[BlackElo "2249"]
[PlyCount "130"]
[EventDate "2018.06.30"]
[EventType "tourn"]
[EventRounds "9"]
[EventCountry "SWE"]
[EventCategory "3"]
[SourceTitle "CBM 185 Extra"]
[Source "ChessBase"]
[SourceDate "2018.07.29"]
[SourceVersion "1"]
[SourceVersionDate "2018.07.29"]
[SourceQuality "1"]

1. e4 Nf6 2. e5 Nd5 3. d4 d6 4. Nf3 g6 5. Be2 Bg7 6. 0-0 0-0 7. c4 Nb6 8. Nc3 Nc6 9. exd6 cxd6 10. Be3 Bg4 11. b3 d5 12. c5 Nc8 13. h3 Bxf3 14. Bxf3 e6 15. b4 a6 16. b5 axb5 17. Nxb5 N8e7 18. a4 Nf5 19. Ra3 Qf6 20. Rd3 Ra5 21. Bd2 Ra6 22. Bc3 Qe7 23. Bg4 Rfa8 24. Bxf5 gxf5 25. a5 Nxa5 26. Qh5 Nc4 27. Rg3 Kh8 28. Re1 Qd7 29. Nd6 Nxd6 30. cxd6 f6 31. Bb4 Ra1 32. Rxa1 Rxa1+ 33. Kh2 Ra6 34. f4 Rc6 35. Ra3 Ra6 36. Rxa6 bxa6 37. Qe2 Kg8 38. Qxa6 Kf7 39. Qa8 Bf8 40. Qb8 h5 41. Kg3 Bh6 42. Bc5 h4+ 43. Kf3 Qa4 44. Qa7+ Qxa7 45. Bxa7 Ke8 46. Bc5 Kd7 47. g3 hxg3 48. Kxg3 Bg7 49. h4 e5 50. h5 exd4 51. Kf3 Bh6 52. Bxd4 Kxd6 53. Bxf6 Ke6 54. Be5 Bf8 55. Ke3 Bc5+ 56. Kd3 Kf7 57. Bd4 Bd6 58. Be5 Bc5 59. Kc3 Kg8 60. Bd4 Bd6 61. Be5 Bc5 62. Bd4 Bd6 63. Be5 Bc5 64. Bd4 Bd6 65. Be3 Kh7 1/2-1/2

[Event "Fagernes TV2 GM op"]
[Site "Fagernes"]
[Date "2018.03.29"]
[Round "6"]
[White "Gonzalez, Francisco Silva"]
[Black "Ziegler, Ari"]
[Result "0-1"]
[WhiteElo "2083"]
[BlackElo "2330"]
[PlyCount "128"]
[EventDate "2018.03.25"]
[EventType "swiss"]
[EventRounds "9"]
[EventCountry "NOR"]
[SourceTitle "CBM 183 Extra"]
[Source "ChessBase"]
[SourceDate "2018.04.19"]
[SourceVersion "1"]
[SourceVersionDate "2018.04.19"]
[SourceQuality "1"]

1. d4 g6 2. e4 Bg7 3. c4 d6 4. Nc3 Nf6 5. f3 0-0 6. Be3 c6 7. Nge2 a6 8. Ng3 b5 9. cxb5 axb5 10. Bd3 b4 11. Nce2 Nbd7 12. 0-0 c5 13. Kh1 Ba6 14. Bxa6 Rxa6 15. Qb3 Qa8 16. h3 Rc8 17. Rfc1 e5 18. d5 Rc7 19. Rc2 Rca7 20. Nc1 Ne8 21. Nf1 Nc7 22. Nd2 Ra3 23. bxa3 Rxa3 24. Nc4 Rxb3 25. axb3 Qxa1 26. Ra2 Qxa2 27. Nxa2 Nb5 28. Kg1 f5 29. Kf2 Nf6 30. Bg5 fxe4 31. Bxf6 e3+ 32. Kxe3 Bxf6 33. g3 Kf7 34. Nc1 Ke7 35. Ne2 Bg5+ 36. Kd3 h5 37. h4 Bf6 38. Nd2 g5 39. hxg5 Bxg5 40. Ne4 Bh6 41. Kc4 Na3+ 42. Kd3 Nb5 43. Kc4 Nc7 44. g4 hxg4 45. fxg4 Bf4 46. Ng1 Ne8 47. Nh3 Bc1 48. Nhf2 Be3 49. Nd1 Bd4 50. g5 Kf7 51. Kd3 Kg6 52. Ne3 Bxe3 53. Kxe3 Kf7 54. Kd3 Ke7 55. Kc4 Ng7 56. Ng3 Kf7 57. Ne4 Nf5 58. Kb5 Kg6 59. Kc4 Kf7 60. Nf6 Ng3 61. Nd7 e4 62. g6+ Kxg6 63. Nb6 Kg5 64. Nd7 Nf5 0-1